| 000 | 00000nam 2200000za 4500 |
| 001 | 9.602042 |
| 003 | CaOODSP |
| 005 | 20250319161956 |
| 007 | cr ||||||||||| |
| 008 | 150406s1999 onc #o f000 0 fre d |
| 022 | |z0-662-83942-0 |
| 040 | |aCaOODSP|bfre |
| 043 | |an-cn--- |
| 086 | 1 |aCW69-9/214F-PDF|zCW69-9/214F |
| 100 | 1 |aLévesque, Hélène, |d1958- |
| 245 | 10|aPrises d'oiseaux migrateurs au Canada pendant les saisons de chasse de 1991, de 1992 et de 1993 |h[ressource électronique] / |cHélène Lévesque et Brian Collins. |
| 260 | |aOttawa : |bEnvironnement Canada, |c1999. |
| 300 | |a4, 20 p. : |bgraphique, carte |
| 490 | 1 |aCahier de biologie ; |vn° 214 |
| 500 | |aDéfectueux: certaines pages manquent en partie 2 et en rapport complet. |
| 590 | |a12-04-Supp|b2012-02-20 |
| 691 | 07|aChasse sportive|2gcpds |
| 691 | 07|aOiseau migrateur|2gcpds |
| 700 | 1 |aCollins, B. T., |d1949- |
| 710 | 2 |aService canadien de la faune. |
| 775 | 08|tMigratory game birds harvested in Canada during the 1991, 1992, and 1993 hunting seasons |w(CaOODSP)9.571436 |
| 776 | 0#|tPrises d'oiseaux migrateurs au Canada pendant les saisons de chasse de 1991, de 1992 et de 1993 / |w(CaOODSP)9.625107 |
| 830 | #0|aCahier de biologie ;|vn° 214|w(CaOODSP)9.500859 |
| 856 | 40|ahttp://publications.gc.ca|qPDF|s138 Ko|uhttps://publications.gc.ca/collections/Collection/CW69-9-214F-2.pdf|zPartie 2 |
| 856 | 40|ahttp://publications.gc.ca|qPDF|s572 Ko|uhttps://publications.gc.ca/collections/Collection/CW69-9-214F-1.pdf|yN° 214|zPartie 1 |
| 856 | 40|qPDF|s579 Ko|uhttps://publications.gc.ca/collections/collection_2018/eccc/CW69-9-214-fra.pdf|zRapport complet |